6 Easy Bart Simpsons Quotes In 30 Seconds - Statistics

General Stats
  • This quiz has been taken 446 times
  • The average score is 4 of 6
Answer Stats
Answer % Correct
Eat My {Shorts}
94%
I'm Bart Simpson, Who The {Hell} Are You
89%
Ay {Caramba}
74%
Don't Have A {Cow }, Man
73%
Get {Bent}
43%
{Ow}, Quit It
25%
No matching quizzes found
Score Distribution
Percent of People with Each Score
Percentile by Number Answered
Your Score History
You have not taken this quiz